| 000 | 006130000a22001930004500 | ||
|---|---|---|---|
| 020 | _a0-8254-2812-2 | ||
| 041 | 0 | _aENG | |
| 082 | 0 | 4 | _aG 232.12 H511c |
| 100 | 1 | _aHengstenberg, E. W. (Ernst Wilhelm) (1802-1869) | |
| 245 | 1 | 0 | _aChristology of the Old Testament and a commentary on the Messianic predictions / E.W. Hengstenberg |
| 260 | _aGrand Rapids, MI., USA : Kregel | ||
| 300 | _aXVI, 697 Pag | ||
| 650 | 1 | 4 | _aPROFECIAS BIBLICAS A.T. \ MESIAS - PROFECIAS |
| 001 | 3673 | ||
| 942 | _cBK | ||
| 999 |
_c34317 _d34317 |
||
| 336 |
_atexto _btxt _2rdacontent |
||
| 337 |
_2rdamedia _asin mediación _bn |
||
| 338 |
_2rdacarrier _avolumen _bnc |
||